000 00907nmc a2200301 a 4500
003 AR-BaBNM
005 20251128202724.0
008 225020s2003 ||||||||||||||000 | spa||
020 _a84-7112-485-8
040 _cAR-BaBNM
100 1 _aHaydon, Graham
245 1 0 _aEnseñar valores
_bun nuevo enfoque
260 _aMadrid
_bEdiciones Morata
_bMinisterio de Educación, Cultura y Deporte
_c2003
300 0 _a222 p.
490 0 _aPedagogía. Educación infantil y primaria
_vv. 39
500 0 _aTraducción de Pablo Manzano
500 0 _aIndice de autores y materias en p. 216-222
504 _aBibliografía en p. 209-215
650 4 _aVALORES MORALES
650 4 _aFINALIDADES DE LA EDUCACION
650 4 _aCONFLICTO
650 4 _aTOLERANCIA
650 4 _aROL DEL DOCENTE
653 _aEDUCACION EN VALORES
700 1 _aManzano, Pablo
_etraductor
942 _cBK
998 _cme-solo cat
999 _c252
_d252